A thesaurus of sanskrit prepositions verbs/ (Record no. 165125)
[ view plain ]
| 000 -LEADER | |
|---|---|
| fixed length control field | 00310nam a22001337a 4500 |
| 020 ## - INTERNATIONAL STANDARD BOOK NUMBER | |
| International Standard Book Number | |
| 082 ## - DEWEY DECIMAL CLASSIFICATION NUMBER | |
| Classification number | |
| Item number | |
| 100 ## - MAIN ENTRY--PERSONAL NAME | |
| Personal name | Charudev Sastri |
| 245 ## - TITLE STATEMENT | |
| Title | A thesaurus of sanskrit prepositions verbs/ |
| Statement of responsibility, etc. | |
| Remainder of title | by Charudev Sastri. |
| 260 ## - PUBLICATION, DISTRIBUTION, ETC. | |
| Place of publication, distribution, etc. | New Delhi: |
| Name of publisher, distributor, etc. | Bharathiya, |
| Date of publication, distribution, etc. | |
| 300 ## - PHYSICAL DESCRIPTION | |
| Extent | |
| 650 ## - SUBJECT ADDED ENTRY--TOPICAL TERM | |
| Topical term or geographic name entry element | |
| 942 ## - ADDED ENTRY ELEMENTS (KOHA) | |
| Koha item type | Book |
| Withdrawn status | Lost status | Damaged status | Not for loan | Permanent Location | Current Location | Shelving location | Date acquired | Cost, normal purchase price | Total Checkouts | Barcode | Date last seen | Price effective from | Koha item type |
|---|---|---|---|---|---|---|---|---|---|---|---|---|---|
| RC Thiruvananthapuram | RC Thiruvananthapuram | 01.11.2018 | 300.00 | TV009569 | 01.11.2018 | 01.11.2018 | Book | ||||||
| RC Thiruvananthapuram | RC Thiruvananthapuram | 01.11.2018 | 300.00 | TV009570 | 01.11.2018 | 01.11.2018 | Book | ||||||
| RC Thiruvananthapuram | RC Thiruvananthapuram | 01.11.2018 | 300.00 | TV009571 | 01.11.2018 | 01.11.2018 | Book | ||||||
| RC Thiruvananthapuram | RC Thiruvananthapuram | 01.11.2018 | 300.00 | TV009572 | 01.11.2018 | 01.11.2018 | Book | ||||||
| RC Thiruvananthapuram | RC Thiruvananthapuram | 01.11.2018 | 300.00 | TV009573 | 01.11.2018 | 01.11.2018 | Book |